Регионална библиотека "Любен Каравелов" - Русе

Ваш И. У. (Запис номер 188317)

MARC детайли
000 -Лидер
Контролно поле с фиксирана дължина 01224nam a2200313 c 4500
003 - Код на организацията, давaща контролен номер
Контролно поле BLK
005 - Дата и час на последна редакция
Контролно поле 20180422115603.0
008 - Елементи от данни с фиксирана дължина
fixed length control field 180411b bul|||||r ||||||| ||bul||
010 ## - Наследен системен номер
LC control number KNG00197335000
040 ## - Източник на каталожния запис
Идентификатор на билиотеката - собственик на записа BLK
041 ## - Код за език
Код за езика на текст/звукозапис или на отделно заглавие Български
Код за езика КДБФ Български
080 ## - УДК
Текстов определител УДК Английска литература
УДК код - определител по УДК 821.111
УДК определител -6
УДК - код + определител 821.111-6
100 1# - Редна дума - Автор
Автор Уо, Ивлин
Авторска отговорност първи автор
R(LIN) 303934
139 ## - Редно поле
Редна дума Уо, Ивлин
Авторски знак Уо - У 67
245 10 - Сведения за заглавието
Заглавие Ваш И. У.
Подзаглавни данни Писма
Редно поле (дума) Ивлин Уо; прев. от англ. Аглика Йосифова Маркова.
257 ## - Страна на издаване
Страна на създаване/издаване Великобритания
260 ## - Област на издателските данни
-- София
Име на издателя, разпространителя и проч. Нар. култура
Година на издаване 1982
300 ## - Физическа характеристика
Страници 304 с.
Размери/Мащаб 17 см
380 ## - Жанр
Жанр Худож. лит.
490 1# - СЕРИИ (Колекции)
Име на серия Библиотека Панорама
№: серия 162
490 1# - СЕРИИ (Колекции)
-- Подсерия
Име на серия Серия Писма
№: серия 8
500 ## - Общи забележки
Забележка Ориг. загл. The letters of Evelyn Waugh / Evelin Waugh. - 10 125 тир. - Съдържа и Живот в дати.
700 1# - Други автори (авторска отговорност)
Лично име Маркова, Аглика Йосифова
Автороска отговорност (Описва отношението между автора и произведението) прев. от англ.
9 (RLIN) 377248
852 ## - Местоположение
Форматна сигнатура Цб І 20263
856 4# - Електронен адрес и достъп
Електронен формат pdf - файл
Път до файла /url/
856 4# - Електронен адрес и достъп
Електронен формат pdf - файл
Път до файла /url/
942 ## - АРТИКУЛИ
Вид на библиотечния материал Книги
Скрит в OPAC Не
944 ## - СЪЗДАВАНЕ И РЕДАКЦИЯ на ЗАПИСА
Създаване/Редакция Създаване
Дата на регистрацията/редакция 02.12.2016
Служител, извършил регистрацията/редакцията Наталия_Любомирова
944 ## - СЪЗДАВАНЕ И РЕДАКЦИЯ на ЗАПИСА
Създаване/Редакция Редакция
Дата на регистрацията/редакция 02.12.2016
Служител, извършил регистрацията/редакцията Наталия_Любомирова
999 ## - СИСТЕМНИ КОНТРОЛНИ НОМЕРА
Koha biblionumber 188317
Koha biblioitemnumber 188317
Наличности
Код за отписване Код за изгубен артикул Източник на класификационната схема Код за повреда Коз за рестрикции Код за отдаване Артикулен № Име на библиотеката - собственик Име на библиотеката, в която се намира в момента Статус (Текущо местоположение) Дата на вписване в системата Местоположение - отдел Цена в лева Инвентарен номер Систематично азбучна сигнатура Баркод Номер на екземпляра Цена в евро Служебна бележка Служебен тип на артикула
  Не е изгубен Universal Decimal Classification Не е повреден без рестрикции ползва се в читалня 330068 Регионална библиотека "Любен Каравелов" Русе Регионална библиотека "Любен Каравелов" Русе Хранилище 1982-01-01 Хранилище 1.23 372666 Цб І 20263 120000372666 1 0.63 N: стар фонд Дата: 01.01.1982 Книги
Изтеглен Не е изгубен Universal Decimal Classification Не е повреден без рестрикции заемане за дома 330069 Регионална библиотека "Любен Каравелов" Русе Регионална библиотека "Любен Каравелов" Русе Заемна - подръчен фонд 1982-01-01 Заемна - подръчен фонд 1.23 380167 П 820-6/У 67 380167 2 0.63 N: стар фонд Дата: 01.01.1982 Дата инв: 16.02.2018 Бележки инв: П2018 Книги
Изтеглен Не е изгубен Universal Decimal Classification Не е повреден без рестрикции заемане за дома 330070 Регионална библиотека "Любен Каравелов" Русе Регионална библиотека "Любен Каравелов" Русе Заемна - подръчен фонд 1982-01-01 Заемна - подръчен фонд 1.23 380168 П 820-6/У 67 380168 3 0.63 N: стар фонд Дата: 01.01.1982 Дата инв: 15.02.2018 Бележки инв: П2018 Книги
Vip Innovations Ltd, Rousse, Bulgaria 2025